000 00433nam a2200181Ia 4500
001 4078
005 20260306145729.0
008 260306t2008||||xx |||||||||||||| ||spa||
041 _aESP
082 _a306.85
_bH12 Nº 42
100 _aSánchez, Ana
_eAUT
245 0 _aLa educación temprana de 0 a 3 años
260 _c2008
300 _a264 páginas :
_c19 cm.
650 _aGEN
654 _aCED
942 _cLIB
_dJUS
_fJUS
_2ddc
_n
999 _c4078
_d4078